Bước đầu điều tra thành phần loài tuyến trùng ký sinh gây hại trên cà rốt ở Hải Dương /
محفوظ في:
| المؤلف الرئيسي: | |
|---|---|
| مؤلفون آخرون: | , , |
| التنسيق: | مقال |
| اللغة: | Vietnamese |
| الموضوعات: | |
| الوسوم: |
إضافة وسم
لا توجد وسوم, كن أول من يضع وسما على هذه التسجيلة!
|
| Thư viện lưu trữ: | Thư viện Trường Đại học Đà Lạt |
|---|
| LEADER | 01018nam a2200325 4500 | ||
|---|---|---|---|
| 001 | DLU190190692 | ||
| 005 | ##20190425 | ||
| 040 | # | # | |a DLU |b vie |
| 041 | # | # | |a vie |
| 044 | # | # | |a vn |
| 100 | # | # | |a Nguyễn Thị Duyên. |
| 245 | # | # | |a Bước đầu điều tra thành phần loài tuyến trùng ký sinh gây hại trên cà rốt ở Hải Dương / |c Nguyễn Thị Duyên, ...[và những người khác]. |
| 653 | # | # | |a Cà rốt |
| 653 | # | # | |a Hải Dương |
| 653 | # | # | |a Meloidogyne |
| 653 | # | # | |a Pratylenchus |
| 653 | # | # | |a Tuyến trùng ký sinh |
| 700 | # | # | |a Lê Thị Mai Linh. |
| 700 | # | # | |a Nguyễn Hữu Tiền. |
| 700 | # | # | |a Trịnh Quang Pháp. |
| 773 | # | # | |t Tạp chí Sinh học |g Số 1, 2016, tr. 6-13 |
| 920 | # | # | |a Phòng Sau đại học -- Trung tâm Thông tin - Thư viện Trường Đại học Đà Lạt |
| 994 | # | # | |a DLU |
| 900 | # | # | |a True |
| 911 | # | # | |a Hoàng Thị Huyền |
| 925 | # | # | |a G |
| 926 | # | # | |a A |
| 927 | # | # | |a BB |
| 980 | # | # | |a Thư viện Trường Đại học Đà Lạt |